| 000 | 00839nam0a22002531 4500 | ||
|---|---|---|---|
| 001 | rc\4142743 | ||
| 005 | 20250611003914.0 | ||
| 021 |
_aRU _b[54-33874] |
||
| 035 | _a(NLR Aleph) 007989483 | ||
| 090 |
_a8570461 _c8570461 |
||
| 100 | _a20130415d1954 |||y0rusy50 ca | ||
| 101 | 0 | _arus | |
| 102 | _aRU | ||
| 105 | _ay z |||a| | ||
| 200 | 1 |
_aРусская советская поэзия _eСборник стихов. 1917-1952 _f[Сост. и подготовка текстов Л. Белова, Н. Сидоренко] |
|
| 210 |
_aМосква _cГослитиздат _d1954 |
||
| 215 |
_a828 с. _d23 |
||
| 702 | 1 |
_aСидоренко _bН. _4220 |
|
| 702 | 1 |
_aБелов _bЛ.О. _gЛука Осипович _4220 |
|
| 801 | 0 |
_aRU _bNLR _gpsbo |
|
| 801 | 1 |
_aRU _bELAR _2rusmarc |
|
| 852 |
_aNLR _jЛ30 Г-5/842 |
||
| 942 | _cBOOK | ||
| 980 | _aNB | ||